Schaum's outline of theory and problems of matrices (Record no. 63781)
[ view plain ]
| 000 -LEADER | |
|---|---|
| fixed length control field | 00538nam a22001937a 4500 |
| 003 - CONTROL NUMBER IDENTIFIER | |
| control field | NUST - PNEC |
| 005 - DATE AND TIME OF LATEST TRANSACTION | |
| control field | 20170116180822.0 |
| 008 - FIXED-LENGTH DATA ELEMENTS--GENERAL INFORMATION | |
| fixed length control field | 150624b xxu||||| |||| 00| 0 eng d |
| 020 ## - INTERNATIONAL STANDARD BOOK NUMBER | |
| International Standard Book Number | 007990352 |
| 040 ## - CATALOGING SOURCE | |
| Transcribing agency | LIBRARY |
| 082 ## - DEWEY DECIMAL CLASSIFICATION NUMBER | |
| Classification number | 512.9434 AYR |
| 100 ## - MAIN ENTRY--PERSONAL NAME | |
| 9 (RLIN) | 4183 |
| Personal name | Ayres, Frank |
| 245 ## - TITLE STATEMENT | |
| Title | Schaum's outline of theory and problems of matrices |
| Statement of responsibility, etc. | Ayres, Frank |
| 250 ## - EDITION STATEMENT | |
| Edition statement | Asian Student edition |
| 260 ## - PUBLICATION, DISTRIBUTION, ETC. | |
| Place of publication, distribution, etc. | Singapore: |
| Name of publisher, distributor, etc. | McGraw-Hill, |
| 300 ## - PHYSICAL DESCRIPTION | |
| Extent | 218 p. : |
| Dimensions | 27 cm |
| 650 ## - SUBJECT ADDED ENTRY--TOPICAL TERM | |
| 9 (RLIN) | 4184 |
| Topical term or geographic name entry element | Matrices, mathematics |
| General subdivision | ME |
| 942 ## - ADDED ENTRY ELEMENTS (KOHA) | |
| Source of classification or shelving scheme | |
| Koha item type | Book |
| Withdrawn status | Lost status | Source of classification or shelving scheme | Damaged status | Not for loan | Permanent Location | Current Location | Shelving location | Date acquired | Source of acquisition | Cost, normal purchase price | Total Checkouts | Full call number | Barcode | Date last seen | Cost, replacement price | Price effective from | Koha item type |
|---|---|---|---|---|---|---|---|---|---|---|---|---|---|---|---|---|---|
| Pakistan Navy Engineering College (PNEC) | Pakistan Navy Engineering College (PNEC) | 02/28/1988 | Royal Books/Library/Reference Grant | 69.00 | 512.9434 AYR | PNECLIB-011324 | 06/24/2015 | 69.00 | 02/28/1988 | Book | |||||||
| Pakistan Navy Engineering College (PNEC) | Pakistan Navy Engineering College (PNEC) | 02/28/1988 | Royal Books/Library/Reference Grant | 69.00 | 512.9434 AYR | PNECLIB-011325 | 06/24/2015 | 69.00 | 02/28/1988 | Book | |||||||
| Pakistan Navy Engineering College (PNEC) | Pakistan Navy Engineering College (PNEC) | 02/28/1988 | Royal Books/Library/Reference Grant | 69.00 | 512.9434 AYR | PNECLIB-011326 | 06/24/2015 | 69.00 | 02/28/1988 | Book | |||||||
| Pakistan Navy Engineering College (PNEC) | Pakistan Navy Engineering College (PNEC) | 02/28/1988 | Royal Books/Library/Reference Grant | 69.00 | 512.9434 AYR | PNECLIB-011327 | 06/24/2015 | 69.00 | 02/28/1988 | Book | |||||||
| Pakistan Navy Engineering College (PNEC) | Pakistan Navy Engineering College (PNEC) | 02/28/1988 | Royal Books/Library/Reference Grant | 69.00 | 512.9434 AYR | PNECLIB-011330 | 06/24/2015 | 69.00 | 02/28/1988 | Book | |||||||
| Pakistan Navy Engineering College (PNEC) | Pakistan Navy Engineering College (PNEC) | 02/28/1988 | 69.00 | 512.9434 AYR | PNECLIB-011333 | 06/24/2015 | 69.00 | 06/24/2015 | Book | ||||||||
| Pakistan Navy Engineering College (PNEC) | Pakistan Navy Engineering College (PNEC) | 09/30/1985 | Library /reference Grant | 73.07 | 512.9434 AYR | PNECLIB-006527 | 06/24/2015 | 73.07 | 06/24/2015 | Book |
